[Event "St Petersburg Korchnoi Memorial op"]
[Site "St Petersburg"]
[Date "2024.08.22"]
[Round "9"]
[White "Ivanov, Aleksandr Lukich"]
[Black "Yurasova, Daria"]
[Result "0-1"]
[WhiteElo "1905"]
[BlackElo "2081"]
[PlyCount "62"]
[EventDate "2024.08.17"]
[EventType "swiss"]
[EventRounds "9"]
[EventCountry "RUS"]
[SourceTitle "EXT 2025"]
[Source "ChessBase"]
[SourceDate "2024.10.14"]
[SourceVersion "1"]
[SourceVersionDate "2024.10.14"]
[SourceQuality "1"]

1. d4 d5 2. c4 c6 3. Nc3 Nf6 4. Nf3 dxc4 5. a4 Bf5 6. Ne5 Nbd7 7. Nxc4 Qc7 8. g3 e5 9. dxe5 Nxe5 10. Bf4 Nfd7 11. Bg2 g5 12. Ne3 gxf4 13. Nxf5 0-0-0 14. Qc2 Nc4 15. 0-0 fxg3 16. hxg3 Nde5 17. b3 Nd6 18. Rfc1 Qd7 19. Bh3 Kb8 20. Nb5 Nxf5 21. Bxf5 Qe8 22. f4 Ng6 23. e4 Bg7 24. e5 Nxe5 25. fxe5 Qxe5 26. Nc3 Qc5+ 27. Kh2 Bxc3 28. Bh3 Rhe8 29. Qxc3 Re2+ 30. Bg2 Qd5 31. Rg1 Qh5# 0-1

[Event "Asia-ch U12"]
[Site "Al Ain"]
[Date "2023.12.19"]
[Round "7"]
[White "Minkhajdarov, Ruslan"]
[Black "Ivanov, Aleksandr Lukich"]
[Result "1-0"]
[WhiteElo "1991"]
[BlackElo "1670"]
[PlyCount "73"]
[EventDate "2023.12.14"]
[EventType "swiss"]
[EventRounds "9"]
[EventCountry "UAE"]
[SourceTitle "EXT 2025"]
[Source "ChessBase"]
[SourceDate "2024.10.14"]
[SourceVersion "1"]
[SourceVersionDate "2024.10.14"]
[SourceQuality "1"]

1. e4 c5 2. Nf3 d6 3. d4 cxd4 4. Nxd4 Nf6 5. Nc3 a6 6. Bg5 e6 7. f4 Qb6 8. Qd2 Qxb2 9. Rb1 Qa3 10. e5 h6 11. Bh4 dxe5 12. fxe5 Nfd7 13. Ne4 Nc6 14. Nxc6 bxc6 15. Be2 Qxa2 16. 0-0 g5 17. Bg3 Qd5 18. Bd3 Be7 19. Kh1 Nxe5 20. Qc3 Ng6 21. Nf6+ Bxf6 22. Qxf6 0-0 23. Bxg6 Ra7 24. Be5 Qxe5 25. Qxe5 fxg6 26. Rxf8+ Kxf8 27. Qb8 Rf7 28. Qxc8+ Kg7 29. h3 g4 30. hxg4 Rf4 31. Qc7+ Rf7 32. Qe5+ Kh7 33. Qxe6 Rg7 34. Qxc6 a5 35. Rb7 a4 36. Rxg7+ Kxg7 37. Qxa4 1-0